التمويل اللاربوي للمؤسسات الصغيرة في الأردن /
Saved in:
| 主要作者: | |
|---|---|
| 其他作者: | |
| 格式: | Thesis |
| 語言: | Arabic |
| 出版: |
Urdun :
Jami'at al-Yarmuk,
1992
|
| 主題: | |
| 標簽: |
添加標簽
沒有標簽, 成為第一個標記此記錄!
|
| LEADER | 015440000a22003010004500 | ||
|---|---|---|---|
| 008 | 130509s1992 jo a f 000 0 ara d | ||
| 040 | |a UIAM |b eng | ||
| 041 | |a ara | ||
| 050 | 0 | 0 | |a HG4027.7 |
| 100 | 1 | |a خطاطبة، جميل محمد سلمان | |
| 242 | 1 | 3 | |a al-Tamwil al-la-rabawi li-al-mu'assasat al-saghirah fi al-Urdun |
| 245 | 1 | 2 | |a التمويل اللاربوي للمؤسسات الصغيرة في الأردن / |c إعداد، جميل محمد سلمان خطاطبة |
| 260 | |a Urdun : |b Jami'at al-Yarmuk, |c 1992 | ||
| 300 | |a viii, 161 leaves : |b ill ; |c 30 cm. | ||
| 500 | |a "قدمت هذه الرسالة إستكمالا لمتطلبات درجة الماجستير في جامعة اليرموك، تخصص الإقتصاد الإسلامي" --On t.p. | ||
| 500 | |a Abstract in English and Arabic. | ||
| 502 | |a Thesis (M.A.)--Jami'at al-Yarmuk. | ||
| 504 | |a Includes bibliographical references. | ||
| 596 | |a 1 4 | ||
| 650 | 0 | |a Small business |z Jordan | |
| 650 | 0 | |a Small business |x Finance | |
| 655 | |a Theses, Facsimile edition (Islamic) | ||
| 700 | 1 | |a Khatatabah, Jamil Muhammad Salman | |
| 900 | |a arf-ls | ||
| 999 | |c 437234 |c 437234 |d 469555 |d 469555 | ||
| 999 | |c 437234 |c 437234 |d 469555 |d 469555 | ||
| 952 | |0 0 |6 TI HG 004027.7 K45T 1992 |7 0 |8 THESES |9 757950 |a IIUM |b IIUM |c MULTIMEDIA |g 0.00 |o ti HG 4027.7 K45T 1992 |p 00011253399 |r 2017-10-23 |t 1 |v 0.00 |y THESIS | ||
| 952 | |0 0 |6 TI HG 004027.7 K45T 1992 |7 0 |8 THESES |9 757951 |a IIiBFL |b IIiBFL |c CLOSEACCES |g 330.00 |o ti HG 4027.7 K45T 1992 |p 00011275641 |r 2017-11-08 |t 1 |v 330.00 |y THESIS | ||
